Folk legends of Japan

This is a completely charming book, one that can be picked up at random and read either for your own pleasure or for that of your children. Lafcadio Hearn may have been the discoverer for the Western world of the fertility of Japanese legends.

Gardado en:
Detalles Bibliográficos
Autor Principal: Dorson, Richard M.
Formato: Libro
Idioma:Undetermined
Publicado: Tokyo, Rutland, Vt., C.E. Tuttle Co. 1962
Những chủ đề:
Các nhãn: Engadir etiqueta
Sen Etiquetas, Sexa o primeiro en etiquetar este rexistro!
Thư viện lưu trữ: Trung tâm Học liệu Trường Đại học Cần Thơ
LEADER 00784nam a2200205Ia 4500
001 CTU_113610
008 210402s9999 xx 000 0 und d
082 |a 398.2 
082 |b D718 
100 |a Dorson, Richard M. 
245 0 |a Folk legends of Japan 
245 0 |c Richard M. Dorson; Illustrated by Yoshie Noguchi. 
260 |a Tokyo, Rutland, Vt., 
260 |b C.E. Tuttle Co. 
260 |c 1962 
520 |a This is a completely charming book, one that can be picked up at random and read either for your own pleasure or for that of your children. Lafcadio Hearn may have been the discoverer for the Western world of the fertility of Japanese legends. 
650 |a Tales 
650 |z Japan 
904 |i M.Loan 
980 |a Trung tâm Học liệu Trường Đại học Cần Thơ